Código de Energía: sistematización de leyes anotadas y actualizadas. Indice temático. Síntesis explicativas

Uloženo v:
Podrobná bibliografie
Hlavní autor: Vergara Blanco, Alejandro (Autor)
Médium: Kniha
Jazyk:španělština
Vydáno: Santiago Legal Publishing 2018
Vydání:2a. ed
Témata:
Tagy: Přidat tag
Žádné tagy, Buďte první, kdo vytvoří štítek k tomuto záznamu!

MARC

LEADER 00000cam a2200000 a 4500
001 UCC6550
003 CL-VaPUC
008 181213e20180000cl |||||||||||||||||spa|d
020 |a 9789563469912o.c 
082 0 4 |a 343.092  |b VER  |2 21 
100 0 |a Vergara Blanco, Alejandro  |e author  |9 601025 
245 1 0 |a Código de Energía: sistematización de leyes anotadas y actualizadas. Indice temático. Síntesis explicativas 
250 |a 2a. ed 
300 |a t 
942 |c BK 
945 |d 20181213 14:55:00  |a dcastane 
260 |a Santiago  |b Legal Publishing  |c 2018 
500 |a t.1: Organización administrativa y sectores de la electricidad. Generación, transporte y distribución 
500 |a t.2: Fuentes primarias de energía renovables y no renovables. Geotermia-Solar-Gas-Petróleo-Nuclear 
650 0 |a Industria eléctrica  |9 353482 
650 7 |a CONCESIONES  |2 CL-VaPUC  |9 259108 
650 0 |a Energía eléctrica  |9 256678 
650 7 |a SUMINISTRO DE ENERGIA ELECTRICA  |2 CL-VaPUC  |9 557478 
583 |a last modification  |c 20181213 14:55:00  |k Rodrigo Vera 
999 |c 373490  |d 373488 
952 |0 0  |1 0  |3 erb  |4 0  |6 343_092000000000000_VER_2018  |7 0  |8 A  |9 491600  |a BIBDER  |b BIBDER  |h t.1  |i 552329K  |l 1  |o 343.092 VER 2018  |p 552329K  |r 2025-04-16  |s 2025-04-16  |w 2019-11-24  |y BK  |z Catalogado en:20181213  |k DER 
952 |0 0  |1 0  |3 erb  |4 0  |6 343_092000000000000_VER_2018  |7 0  |8 A  |9 491601  |a BIBDER  |b BIBDER  |h t.2  |i 5523303  |l 1  |o 343.092 VER 2018  |p 5523303  |r 2025-04-16  |s 2025-04-16  |w 2019-11-24  |y BK  |z Catalogado en:20181213  |k DER